00376nam a2200121Ia 4500008004100000041000800041082001200049100002700061245005200088260005200140300001900192520004300211240719s9999 xx 000 0 und d aeng a200 YOG aYogananda, Paramahansa aThe Bhagavad Gita God Talks With Arjuna Volume2 aKolkatabYogoda Satsanga Society Of Indiac2002 a1173.; P 24 Cm aGifted By : IMT Faculty Dr. Pawan Jain